[Event "BL 9293 Dortmund-Kirchheim"]
[Site "?"]
[Date "1992.??.??"]
[Round "?.4"]
[White "Buecker, S."]
[Black "Tompa, J."]
[Result "0-1"]
[WhiteElo "2365"]
[BlackElo "2420"]
[PlyCount "106"]
[EventDate "1992.??.??"]

1. e4 c5 2. Nc3 Nc6 3. g3 g6 4. Bg2 Bg7 5. d3 e6 6. Be3 d6 7. f4 Nge7 8. Nf3 b6
9. O-O O-O 10. d4 d5 11. exd5 Nf5 12. Bf2 Ncxd4 13. dxe6 Bxe6 14. Ne5 Rc8 15.
Ne4 Bd5 16. c3 Nc6 17. Nxc6 Bxc6 18. Qc2 Rc7 19. g4 Nh6 20. g5 Ng4 21. h3 Nxf2
22. Rxf2 Re8 23. Re1 Re6 24. Rfe2 Bb5 25. Re3 Kf8 26. Nf2 Rxe3 27. Rxe3 Rd7 28.
a4 Rd2 29. Qe4 Bd7 30. Qb7 Be6 31. Bc6 a5 32. h4 h6 33. Bg2 Kg8 34. Ne4 Rxb2
35. Nf2 Qd2 36. Qf3 h5 37. Qg3 Rc2 38. Bc6 Rxc3 39. Rxc3 Qxc3 40. Qxc3 Bxc3 41.
Ne4 Be1 42. Kf1 Bb4 43. Nf6+ Kf8 44. Ke2 Ke7 45. Ne4 Bg4+ 46. Kd3 Be1 47. Nf6
Bh3 48. Bf3 Bf1+ 49. Ke4 Bxh4 50. Nd5+ Kd6 51. Ne3 Ba6 52. Bxh5 Bb7+ 53. Kd3
Bg3 0-1

[Event "BL 9293 Dortmund-Kirchheim"]
[Site "?"]
[Date "1992.??.??"]
[Round "?.5"]
[White "Beckhuis, G."]
[Black "Busch, K."]
[Result "0-1"]
[WhiteElo "2365"]
[BlackElo "2420"]
[PlyCount "48"]
[EventDate "1992.??.??"]

1. d4 Nf6 2. Nf3 c5 3. d5 g6 4. c4 b5 5. cxb5 a6 6. bxa6 Bxa6 7. Nc3 d6 8. e4
Bxf1 9. Kxf1 Bg7 10. g3 O-O 11. Kg2 Nbd7 12. h3 Qb6 13. Re1 Ne8 14. Re2 Nc7 15.
a4 Rfb8 16. Qc2 Ra7 17. Nd2 Qa6 18. Nf1 Ne5 19. Rb1 Rab7 20. Bg5 Nd3 21. Nb5
Nxb5 22. Qxd3 Qxa4 23. Rc2 h6 24. Be3 Na3 0-1

[Event "BL 9293 Dortmund-Kirchheim"]
[Site "?"]
[Date "1992.??.??"]
[Round "?.6"]
[White "Dermann, G."]
[Black "Biebinger, G."]
[Result "1-0"]
[WhiteElo "2330"]
[BlackElo "2350"]
[PlyCount "109"]
[EventDate "1992.??.??"]

1. d4 Nf6 2. Nf3 e6 3. c4 c6 4. Bf4 d5 5. e3 Nbd7 6. a3 Be7 7. Qc2 O-O 8. Nc3
Nh5 9. Bg3 f5 10. Be5 Nhf6 11. Bd3 Ne4 12. O-O Bf6 13. b4 Nxe5 14. dxe5 Be7 15.
Nd4 Bd7 16. Nce2 Qb8 17. f4 Kh8 18. Bxe4 fxe4 19. c5 g6 20. Kh1 Qc7 21. Nc3 Rf7
22. g3 h5 23. Qg2 Rg8 24. h4 Kg7 25. Qh3 Rf5 26. Rg1 Rh8 27. Rac1 Rh6 28. Nce2
Kf7 29. Qf1 Rh8 30. Rg2 Qd8 31. Nxf5 gxf5 32. Ng1 Qg8 33. Qd1 Qg4 34. Qxg4 hxg4
35. Rgc2 Ra8 36. Ne2 a5 37. Nd4 axb4 38. axb4 Ke8 39. Kg2 Kd8 40. Kf2 Kc7 41.
Ke2 Bf8 42. Rb2 Ra4 43. Nc2 b6 44. cxb6+ Kxb6 45. Ra1 Rxa1 46. Nxa1 d4 47. exd4
Kb5 48. Nc2 Kc4 49. Kd2 e3+ 50. Nxe3+ Kxd4 51. Rb3 Ke4 52. Nc2 c5 53. Re3+ Kd5
54. Rd3+ Kc6 55. b5+ 1-0

[Event "BL 9293 Dortmund-Kirchheim"]
[Site "?"]
[Date "1992.??.??"]
[Round "?.7"]
[White "Mueller, O."]
[Black "Kalka, A."]
[Result "1/2-1/2"]
[WhiteElo "2345"]
[BlackElo "2400"]
[PlyCount "126"]
[EventDate "1992.??.??"]

1. e4 c5 2. Nf3 d6 3. d4 cxd4 4. Nxd4 Nf6 5. Nc3 g6 6. Be2 Bg7 7. O-O Nc6 8.
Nb3 O-O 9. f4 Be6 10. Kh1 Rc8 11. Be3 a6 12. a3 Na5 13. Nxa5 Qxa5 14. Bf3 Rc4
15. Nd5 Nxd5 16. exd5 Bf5 17. c3 b5 18. Re1 Rb8 19. Qd2 Qd8 20. Rac1 Qc8 21.
Bf2 Rb7 22. Be2 Rcc7 23. Bf1 a5 24. h3 h5 25. Bd4 Qe8 26. Bxg7 Kxg7 27. Re3 Qa8
28. Qd4+ Kg8 29. Rce1 b4 30. axb4 axb4 31. cxb4 Qa4 32. Ra3 Qxb4 33. Ra8+ Rc8
34. Rxc8+ Bxc8 35. Qxb4 Rxb4 36. Rxe7 Rxf4 37. Bb5 Bf5 38. Re2 Be4 39. Kg1 Bxd5
40. Rd2 Rf5 41. Bd3 Re5 42. b4 Bc6 43. b5 Bxb5 44. Bxb5 Rxb5 45. Rxd6 Kg7 46.
Kf2 g5 47. Kf3 Rb3+ 48. Kf2 f6 49. Ra6 Kg6 50. Ra5 Rb6 51. Kf3 Rb2 52. Rc5 h4
53. Ra5 f5 54. Ra6+ Kh5 55. Ra5 Kg6 56. Ra6+ Kh5 57. Ra5 Rb3+ 58. Kf2 f4 59.
Ra6 Rc3 60. Rb6 Ra3 61. Rc6 Ra7 62. Kf3 Ra3+ 63. Kf2 Ra2+ 1/2-1/2

[Event "BL 9293 Dortmund-Kirchheim"]
[Site "?"]
[Date "1992.??.??"]
[Round "?.8"]
[White "Illner, A."]
[Black "Burkart, P."]
[Result "1/2-1/2"]
[WhiteElo "2320"]
[BlackElo "2285"]
[PlyCount "103"]
[EventDate "1992.??.??"]

1. d4 d6 2. Nf3 Bg4 3. c4 g6 4. Nc3 Bg7 5. g3 Bxf3 6. exf3 Nc6 7. Be3 Nh6 8. d5
Ne5 9. f4 Neg4 10. Bd4 Bxd4 11. Qxd4 O-O 12. Bh3 c5 13. Qd3 f5 14. O-O a6 15.
Rfe1 Nf6 16. a3 Qd7 17. b4 Rfc8 18. Rab1 Kf8 19. Bf1 b5 20. bxc5 bxc4 21. Qc2
dxc5 22. Na4 Nxd5 23. Bxc4 e6 24. Nb6 Nxb6 25. Rxb6 Rc7 26. Rexe6 Qd4 27. Bxa6
c4 28. Rbc6 Rxc6 29. Rxc6 Qa1+ 30. Kg2 Qxa3 31. Qxc4 Ng8 32. Bb7 Rd8 33. Rc8
Qd6 34. Rxd8+ Qxd8 35. Qc8 Qxc8 36. Bxc8 Nf6 37. Kf3 Ke7 38. h3 Kd6 39. Ke3
Nd5+ 40. Kd4 h6 41. Bb7 Nf6 42. Ba6 Nd5 43. Bb5 Nf6 44. Bc4 g5 45. Ke3 Ke7 46.
f3 Nh5 47. fxg5 hxg5 48. h4 g4 49. fxg4 fxg4 50. Kf2 Kf6 51. Ba6 Nxg3 52. Kxg3
1/2-1/2

[Event "BL 9293 Porz-Bochum"]
[Site "?"]
[Date "1992.??.??"]
[Round "?.1"]
[White "Glek, I."]
[Black "Lutz, C."]
[Result "0-1"]
[WhiteElo "2520"]
[BlackElo "2550"]
[PlyCount "79"]
[EventDate "1992.??.??"]

1. e4 c5 2. Nf3 e6 3. d4 cxd4 4. Nxd4 a6 5. Nc3 Qc7 6. Bd3 Nf6 7. f4 d6 8. O-O
b5 9. Qe2 Bb7 10. Kh1 Nbd7 11. Bd2 Be7 12. Rae1 Nc5 13. b4 Nxd3 14. cxd3 O-O
15. Rc1 Qd7 16. g4 e5 17. Nf5 exf4 18. Rxf4 d5 19. g5 dxe4 20. dxe4 Nxe4 21.
Nxe7+ Qxe7 22. Nxe4 Rae8 23. Kg1 Bxe4 24. Re1 Qxg5+ 25. Rg4 Bd3 26. Bxg5 Bxe2
27. Rg3 Bh5 28. Be7 f5 29. Rge3 Rf7 30. Bc5 Rxe3 31. Rxe3 Re7 32. Ra3 Re2 33.
Rxa6 Bf3 34. h4 h6 35. a4 bxa4 36. Rxa4 Rg2+ 37. Kf1 Rg4 38. Be7 Re4 39. Ra7 f4
40. Bd6 0-1

[Event "BL 9293 Porz-Bochum"]
[Site "?"]
[Date "1992.??.??"]
[Round "?.3"]
[White "Schulz, KJ."]
[Black "Hort, V."]
[Result "0-1"]
[WhiteElo "2415"]
[BlackElo "2560"]
[PlyCount "90"]
[EventDate "1992.??.??"]

1. e4 Nf6 2. e5 Nd5 3. d4 d6 4. Nf3 dxe5 5. Nxe5 g6 6. Bc4 Be6 7. Nc3 Bg7 8.
Qf3 c6 9. O-O O-O 10. Ne4 Nc7 11. Bxe6 Nxe6 12. c3 Qd5 13. Be3 Bxe5 14. dxe5
Nd7 15. Ng5 Nxe5 16. Qxd5 cxd5 17. Rad1 Rfd8 18. Nxe6 fxe6 19. Rfe1 Nc4 20. Bd4
e5 21. Bxe5 Nxb2 22. Rb1 Nd3 23. Re3 Nxe5 24. Rxe5 Rd7 25. h4 Rc8 26. Rb5 Rxc3
27. Rexd5 Rxd5 28. Rxd5 Rc7 29. g3 Kf7 30. Kg2 b6 31. Rd2 Rc3 32. h5 gxh5 33.
Kh3 Rc4 34. f4 Ra4 35. Re2 e6 36. Kh4 Ra5 37. Rc2 Kf6 38. Rd2 Rd5 39. Rc2 Rc5
40. Rd2 Ra5 41. Rc2 Rc5 42. Rd2 Ke7 43. Re2 b5 44. Rd2 a5 45. Re2 b4 0-1

[Event "BL 9293 Porz-Bochum"]
[Site "?"]
[Date "1992.??.??"]
[Round "?.5"]
[White "Jackelen, T."]
[Black "Hickl, J."]
[Result "0-1"]
[WhiteElo "2420"]
[BlackElo "2540"]
[PlyCount "78"]
[EventDate "1992.??.??"]

1. Nf3 d6 2. d4 Bg4 3. c4 Nd7 4. e4 e5 5. Be2 Be7 6. Nc3 Bxf3 7. Bxf3 exd4 8.
Qxd4 Bf6 9. Qd2 Ne7 10. O-O O-O 11. b3 Nc6 12. Bb2 Nc5 13. Bd1 a5 14. Rb1 a4
15. Re1 axb3 16. axb3 Nb4 17. Nd5 Nxd5 18. exd5 Bxb2 19. Rxb2 Qf6 20. Rb1 Rfe8
21. Rxe8+ Rxe8 22. Bc2 Ra8 23. h3 g6 24. b4 Nd7 25. Bd3 Qd4 26. Qc2 Ra1 27. Bf1
Rxb1 28. Qxb1 Ne5 29. Qa2 Kg7 30. Qa5 Nxc4 31. Qxc7 Nd2 32. Qxb7 Ne4 33. Qb5
Qxf2+ 34. Kh2 Nd2 35. Be2 h5 36. Kh1 Ne4 37. Bd3 Ng3+ 38. Kh2 h4 39. Bc4 Qe1
0-1

[Event "BL 9293 Porz-Bochum"]
[Site "?"]
[Date "1992.??.??"]
[Round "?.6"]
[White "Knaak, R."]
[Black "Von Gleich, A."]
[Result "1-0"]
[WhiteElo "2525"]
[BlackElo "2350"]
[PlyCount "85"]
[EventDate "1992.??.??"]

1. d4 Nf6 2. c4 g6 3. Nc3 Bg7 4. e4 d6 5. f3 O-O 6. Be3 a6 7. Qd2 Nbd7 8. Nh3
c5 9. d5 Ne5 10. Nf2 e6 11. a4 exd5 12. cxd5 Bd7 13. Be2 b5 14. O-O Rb8 15. Bg5
Nc4 16. Bxc4 bxc4 17. Nfd1 Rb4 18. a5 Re8 19. Qc2 h6 20. Bd2 Nh7 21. Ne2 Bb5
22. Bc3 Qc7 23. Bxg7 Kxg7 24. Nec3 Bd7 25. Ne3 Reb8 26. Ncd1 Bb5 27. Rf2 Qe7
28. Qc1 Nf6 29. Rc2 Ba4 30. Rd2 Bxd1 31. Rxd1 Rxb2 32. Nxc4 R2b4 33. Qc3 Rb3
34. Qc2 Nd7 35. f4 Qf6 36. Nb6 Rb2 37. Qc1 Nxb6 38. e5 Rxg2+ 39. Kxg2 dxe5 40.
axb6 exf4 41. Qxc5 f3+ 42. Kf1 Qf4 43. Rd2 1-0

[Event "BL 9293 Porz-Bochum"]
[Site "?"]
[Date "1992.??.??"]
[Round "?.7"]
[White "Luecke, N."]
[Black "Vogt, L."]
[Result "0-1"]
[WhiteElo "2410"]
[BlackElo "2530"]
[PlyCount "80"]
[EventDate "1992.??.??"]

1. e4 c5 2. Nf3 e6 3. d4 cxd4 4. Nxd4 Nf6 5. Nc3 d6 6. Be2 Be7 7. O-O O-O 8.
Be3 Nc6 9. Kh1 Bd7 10. f4 a6 11. Qe1 b5 12. a3 Qb8 13. Qg3 b4 14. axb4 Qxb4 15.
Nxc6 Bxc6 16. e5 dxe5 17. fxe5 Ne4 18. Nxe4 Bxe4 19. Bd3 Bxd3 20. cxd3 Kh8 21.
Bc1 f6 22. h3 fxe5 23. Rxf8+ Rxf8 24. Bg5 Qxb2 25. Rxa6 Qd4 26. Qe3 Bxg5 27.
Qxg5 h6 28. Qg4 Rf1+ 29. Kh2 Qg1+ 30. Kg3 Qe3+ 31. Kh2 Qe1 32. Ra8+ Kh7 33.
Qe4+ Qxe4 34. dxe4 Kg6 35. Kg3 Rf4 36. Ra4 Kg5 37. Kh2 Rf2 38. h4+ Kxh4 39. Ra7
g5 40. Re7 Rf6 0-1

[Event "BL 9293 Porz-Bochum"]
[Site "?"]
[Date "1992.??.??"]
[Round "?.8"]
[White "Mainka, R."]
[Black "Sonntag, HH."]
[Result "1-0"]
[WhiteElo "2550"]
[BlackElo "2415"]
[PlyCount "109"]
[EventDate "1992.??.??"]

1. e4 e5 2. Nf3 Nc6 3. Bc4 Bc5 4. c3 Nf6 5. b4 Bb6 6. d3 d6 7. O-O Ne7 8. Nbd2
Ng6 9. Bb3 O-O 10. Nc4 h6 11. a4 c6 12. Nxb6 Qxb6 13. a5 Qc7 14. h3 Qe7 15. Nh2
Be6 16. Bc2 b5 17. Be3 Rfd8 18. Re1 d5 19. Qf3 dxe4 20. dxe4 Nd7 21. Nf1 c5 22.
Ng3 cxb4 23. Nf5 Qf8 24. cxb4 a6 25. Rab1 Rac8 26. Bd3 Ne7 27. Qg3 Kh8 28. Red1
Nc6 29. Qh4 Bxf5 30. exf5 Kg8 31. Kh1 Nf6 32. Bc5 Qe8 33. Be4 Rxd1+ 34. Rxd1
Nxb4 35. Bb7 Rxc5 36. Qxb4 Rc4 37. Qb2 Rd4 38. Rc1 Kh7 39. Bxa6 b4 40. Bb7 Qd7
41. a6 Nd5 42. Bc6 Qa7 43. Ra1 Nc3 44. Bb7 Nd1 45. Qe2 Nxf2+ 46. Kh2 Nd3 47. f6
g6 48. Qc2 Nc5 49. Rc1 Ne6 50. Qa4 Rd8 51. Qxb4 Qf2 52. Ra1 Qa7 53. Qe7 Kg8 54.
Bd5 Rd7 55. Bxe6 1-0

[Event "BL 9293 Koblenz-Bielefeld"]
[Site "?"]
[Date "1992.??.??"]
[Round "?.1"]
[White "Richter, W."]
[Black "Dizdar, G."]
[Result "1/2-1/2"]
[WhiteElo "2430"]
[BlackElo "2450"]
[PlyCount "75"]
[EventDate "1992.??.??"]

1. d4 Nf6 2. Nf3 d5 3. Bf4 c5 4. c3 Qb6 5. Qb3 c4 6. Qxb6 axb6 7. Nbd2 b5 8. a3
Bf5 9. Bxb8 Rxb8 10. g3 h6 11. Bg2 e6 12. Ne5 Bd6 13. f4 g5 14. e3 gxf4 15.
exf4 Nd7 16. O-O h5 17. Ndf3 Nxe5 18. Nxe5 Rg8 19. Nf3 Be7 20. Kf2 Rg7 21. Rg1
Kd7 22. h4 Rbg8 23. Bf1 f6 24. Be2 Bg4 25. Rae1 Bd6 26. Bd1 Kc6 27. Bc2 Kd7 28.
Nh2 f5 29. Bd1 Be7 30. Bxg4 hxg4 31. Nf1 Ra8 32. Ne3 Bf6 33. Nc2 Be7 34. Re3
Bd6 35. Rge1 Rg6 36. Ke2 Rag8 37. Kf2 Ra8 38. Rf1 1/2-1/2

[Event "BL 9293 Koblenz-Bielefeld"]
[Site "?"]
[Date "1992.??.??"]
[Round "?.2"]
[White "Seul, G."]
[Black "Bangiev, A."]
[Result "1-0"]
[WhiteElo "2410"]
[BlackElo "2400"]
[PlyCount "67"]
[EventDate "1992.??.??"]

1. g3 d5 2. Bg2 Nf6 3. Nf3 Bg4 4. c4 c6 5. cxd5 cxd5 6. Ne5 Bf5 7. Nc3 e6 8. g4
Bg6 9. h4 Bd6 10. d4 O-O 11. h5 Bxe5 12. dxe5 Nxg4 13. hxg6 fxg6 14. f4 Qb6 15.
Rf1 Qd8 16. e3 Qh4+ 17. Kd2 Nh2 18. Rh1 d4 19. Ne2 dxe3+ 20. Kc2 Rc8+ 21. Kb1
Nc6 22. Bxe3 Nb4 23. Nc3 Qg3 24. Qe2 Rd8 25. Ne4 Qg4 26. Qxg4 Nxg4 27. Bc1 Rac8
28. Nd6 Rc7 29. Bd2 Nd3 30. Rh3 Ndf2 31. Rb3 b6 32. a4 g5 33. a5 bxa5 34. Bxa5
1-0

[Event "BL 9293 Koblenz-Bielefeld"]
[Site "?"]
[Date "1992.??.??"]
[Round "?.3"]
[White "Panzer, P."]
[Black "Fritsche, L."]
[Result "1-0"]
[WhiteElo "2340"]
[BlackElo "2390"]
[PlyCount "99"]
[EventDate "1992.??.??"]

1. d4 g6 2. c4 Bg7 3. Nc3 d6 4. e4 Nc6 5. d5 Nd4 6. Be3 c5 7. Nge2 Qb6 8. Na4
Qa5+ 9. Bd2 Qc7 10. Bc3 e5 11. dxe6 Nxe6 12. Bxg7 Nxg7 13. Nac3 Bd7 14. Qd2 Bc6
15. Rd1 Rd8 16. Nf4 Nf6 17. Bd3 O-O 18. O-O Rfe8 19. Nfd5 Bxd5 20. cxd5 c4 21.
Bb1 Qc5 22. Qd4 Qxd4 23. Rxd4 Rc8 24. a4 Rc5 25. Nb5 Rd8 26. Na3 Rdc8 27. Rc1
c3 28. b4 R5c7 29. Bd3 a6 30. Nc4 Nge8 31. Nb6 Rd8 32. Rc4 Rxc4 33. Nxc4 Rc8
34. Nb6 Rc7 35. f3 Nh5 36. Na8 Rc8 37. Nb6 Rc7 38. g3 g5 39. Kf2 Kf8 40. Ke3
Ke7 41. Kd4 Nhf6 42. Rxc3 Rxc3 43. Kxc3 h5 44. Nc4 h4 45. gxh4 gxh4 46. Na5 Nd7
47. Nxb7 Ne5 48. Be2 Nf6 49. Kd4 Kd7 50. Nc5+ 1-0

[Event "BL 9293 Koblenz-Bielefeld"]
[Site "?"]
[Date "1992.??.??"]
[Round "?.4"]
[White "Reschke, S."]
[Black "Pohl Kuemmel, JU."]
[Result "1-0"]
[WhiteElo "2300"]
[BlackElo "2300"]
[PlyCount "69"]
[EventDate "1992.??.??"]

1. c4 d6 2. g3 g6 3. Bg2 Bg7 4. d4 Nd7 5. Nf3 e5 6. e4 Ngf6 7. Nc3 O-O 8. O-O
exd4 9. Nxd4 Re8 10. Re1 Nc5 11. h3 Bd7 12. Bf4 Qc8 13. Kh2 a6 14. Rc1 Rb8 15.
b4 Ne6 16. Nxe6 Bxe6 17. Nd5 Bxd5 18. cxd5 Qd7 19. Qd3 Re7 20. Rc4 Ne8 21. Rec1
Qd8 22. Qc2 h5 23. Bg5 f6 24. Be3 Kh7 25. f4 Rc8 26. h4 f5 27. Bg1 Nf6 28. exf5
Ng4+ 29. Kh1 Ne3 30. fxg6+ Kg8 31. Bxe3 Rxe3 32. Kh2 Qe8 33. Qf5 Re2 34. R1c2
Rxc2 35. Rxc2 1-0

[Event "BL 9293 Koblenz-Bielefeld"]
[Site "?"]
[Date "1992.??.??"]
[Round "?.5"]
[White "Meier, V."]
[Black "Herbrechtsmeier, C."]
[Result "1/2-1/2"]
[WhiteElo "2310"]
[BlackElo "2315"]
[PlyCount "106"]
[EventDate "1992.??.??"]

1. e4 e5 2. Nf3 Nc6 3. Nc3 Nf6 4. Bb5 Bb4 5. O-O O-O 6. d3 Bxc3 7. bxc3 d6 8.
Bg5 Qe7 9. Nd2 h6 10. Bh4 Nd8 11. Re1 Ne6 12. Nf1 g5 13. Bg3 Ng7 14. d4 c6 15.
Bc4 Be6 16. Bb3 Bxb3 17. axb3 a6 18. f3 Nfh5 19. Bf2 Nf4 20. dxe5 dxe5 21. Bb6
f6 22. Qd2 Rf7 23. Ne3 Qe6 24. Rad1 Re8 25. Nc4 Ree7 26. Qd8+ Rf8 27. Qd6 Ne8
28. Qb8 Ng7 29. Rd8 Rxd8 30. Bxd8 Re8 31. Qc7 Rf8 32. Rd1 Rf7 33. Qb8 Kh7 34.
Ba5 Rd7 35. Rxd7 Qxd7 36. Qd6 Qxd6 37. Nxd6 b5 38. Nc8 c5 39. Ne7 Nge6 40. Kf2
Ng6 41. Nc6 Ngf8 42. Nb8 Kg6 43. Nxa6 Nd7 44. Bc7 Kf7 45. Bd6 Ke8 46. Nc7+ Nxc7
47. Bxc7 Nf8 48. b4 c4 49. Bb6 Kf7 50. g3 Ng6 51. Be3 h5 52. Bc1 Kg7 53. f4 g4
1/2-1/2

[Event "BL 9293 Koblenz-Bielefeld"]
[Site "?"]
[Date "1992.??.??"]
[Round "?.6"]
[White "Weidemann, J."]
[Black "Lingnau, C."]
[Result "1/2-1/2"]
[WhiteElo "2305"]
[BlackElo "2340"]
[PlyCount "108"]
[EventDate "1992.??.??"]

1. e4 c5 2. c3 Nf6 3. e5 Nd5 4. Nf3 Nc6 5. Bc4 Nb6 6. Bb5 g6 7. O-O Bg7 8. Re1
O-O 9. d4 cxd4 10. cxd4 d6 11. Bg5 Be6 12. Nc3 dxe5 13. dxe5 Bg4 14. Bxc6 bxc6
15. Qxd8 Rfxd8 16. Bxe7 Re8 17. Bf6 Bxf3 18. Bxg7 Kxg7 19. gxf3 Nc4 20. Rad1
Nxe5 21. Kg2 Nc4 22. Rxe8 Rxe8 23. b3 Nb6 24. Rd6 Re6 25. Rd8 Re1 26. a4 Rc1
27. Rd3 Ra1 28. Rd6 Ra3 29. Rxc6 Rxb3 30. a5 Nd7 31. Rc7 Ne5 32. Ne4 a6 33. Ra7
Nxf3 34. Rxa6 f5 35. Ra7+ Kh6 36. Nc5 Nh4+ 37. Kf1 Rb2 38. a6 Nf3 39. Rb7 Ra2
40. Kg2 Nd2 41. a7 Ne4 42. Nxe4 fxe4 43. Kf1 g5 44. Ke1 Kg6 45. Kd1 g4 46. Kc1
h5 47. Kb1 Ra4 48. Kb2 h4 49. Kb3 Ra1 50. Kc4 e3 51. fxe3 g3 52. hxg3 hxg3 53.
Rb1 Rxa7 54. Rg1 Kf5 1/2-1/2

[Event "BL 9293 Bochum-Koblenz"]
[Site "?"]
[Date "1992.??.??"]
[Round "?.1"]
[White "Dizdar, G."]
[Black "Glek, I."]
[Result "1/2-1/2"]
[WhiteElo "2450"]
[BlackElo "2520"]
[PlyCount "127"]
[EventDate "1992.??.??"]

1. Nf3 Nf6 2. g3 g6 3. b3 Bg7 4. Bb2 c5 5. Bg2 d5 6. c4 d4 7. b4 O-O 8. O-O
Nfd7 9. d3 Qb6 10. b5 a5 11. Nbd2 Ra7 12. Rb1 Qd8 13. e3 dxe3 14. fxe3 b6 15.
Bxg7 Kxg7 16. Qc2 Bb7 17. Qc3+ Kg8 18. d4 e6 19. Rbd1 Qe7 20. Ne1 Rc8 21. Bxb7
Rxb7 22. Nd3 Rbc7 23. dxc5 Nxc5 24. Nxc5 Rxc5 25. Nb3 Nd7 26. Nxc5 Nxc5 27. Qe5
Nb7 28. Rf4 Rc5 29. Qb8+ Kg7 30. Rdf1 Rf5 31. Rxf5 exf5 32. Qf4 f6 33. Qd4 Nc5
34. Rd1 g5 35. Rf1 Kg6 36. Kg2 Qe6 37. Qd5 Qc8 38. Rf2 Ne4 39. Rc2 g4 40. Rc1
h5 41. Rf1 Nc3 42. Qd3 Ne4 43. Rf4 Ng5 44. Qd5 Ne4 45. Rxe4 fxe4 46. Qxe4+ Kh6
47. Qd4 Qb7+ 48. e4 Kg6 49. Kf2 Qe7 50. c5 bxc5 51. Qd5 c4 52. Qg8+ Kh6 53.
Qh8+ Kg6 54. Qg8+ Kh6 55. Qxc4 Qa7+ 56. Kf1 Qe3 57. Qe2 Qd4 58. Qc2 a4 59. Qc1+
Kg6 60. Qc2 Kg7 61. Qc7+ Kg6 62. Qc2 Kg7 63. Qc7+ Kg6 64. Qc2 1/2-1/2

[Event "BL 9293 Bochum-Koblenz"]
[Site "?"]
[Date "1992.??.??"]
[Round "?.2"]
[White "Dokhoian, Y."]
[Black "Seul, G."]
[Result "1-0"]
[WhiteElo "2505"]
[BlackElo "2410"]
[PlyCount "133"]
[EventDate "1992.??.??"]

1. d4 Nf6 2. c4 e6 3. Nf3 Bb4+ 4. Bd2 Qe7 5. g3 Nc6 6. Nc3 O-O 7. Bg2 d6 8. Rc1
a5 9. O-O Bd7 10. Qc2 Bxc3 11. Bxc3 e5 12. d5 Nb4 13. Qb1 b6 14. a3 Na6 15. b4
axb4 16. axb4 b5 17. Nd2 bxc4 18. Nxc4 Rfb8 19. Rfd1 Bb5 20. Be1 Qd7 21. Rd2
Qg4 22. e4 h5 23. h4 Qg6 24. Ne3 Nd7 25. Ra2 Qf6 26. Rc3 Qd8 27. Rca3 Qc8 28.
Qc1 g6 29. Nc4 Nf6 30. Na5 Rb6 31. Nc4 Rbb8 32. f3 Ne8 33. Na5 Rb6 34. Nc6 Bxc6
35. dxc6 Rab8 36. b5 Nb4 37. Bxb4 Rxb5 38. Be1 Rb1 39. Qe3 Ng7 40. Ra1 Qe8 41.
Rxb1 Rxb1 42. Rc3 Ne6 43. Rc1 Rxc1 44. Qxc1 Nd4 45. Qc4 Qxc6 46. Qxc6 Nxc6 47.
Kf2 Kg7 48. Bh3 Kf6 49. Bd2 Ke7 50. Bg5+ f6 51. Be3 Nd8 52. Ke2 Ne6 53. Kd3 c6
54. Kc4 Nc7 55. Kb4 Ne6 56. Ka5 d5 57. Kb6 Nd4 58. Bxd4 exd4 59. exd5 d3 60.
Bf1 d2 61. Be2 cxd5 62. Kc5 Ke6 63. Kd4 g5 64. Ke3 gxh4 65. gxh4 Ke5 66. f4+
Kf5 67. Kf3 1-0

[Event "BL 9293 Bochum-Koblenz"]
[Site "?"]
[Date "1992.??.??"]
[Round "?.3"]
[White "Fritsche, L."]
[Black "Schulz, KJ."]
[Result "0-1"]
[WhiteElo "2390"]
[BlackElo "2415"]
[PlyCount "74"]
[EventDate "1992.??.??"]

1. e4 c5 2. f4 d5 3. exd5 Qxd5 4. Nc3 Qd8 5. Nf3 e6 6. b3 Ne7 7. Bb2 Nbc6 8.
Bd3 Nf5 9. Qe2 Be7 10. Ne4 O-O 11. a3 Ncd4 12. Nxd4 Nxd4 13. Qe3 f5 14. Nc3 c4
15. bxc4 Bc5 16. Qe5 Qh4+ 17. Kf1 Nb3 18. Nd1 Nxd2+ 19. Ke2 Qg4+ 20. Kxd2 Qxg2+
21. Kc1 Be3+ 22. Kb1 Bxf4 23. Qe1 e5 24. Rf1 Qxh2 25. Ne3 e4 26. Qc3 Rf7 27.
Nd5 Bd2 28. Qd4 exd3 29. Qxd3 Be6 30. Ka2 b5 31. cxb5 Bc3 32. Qxc3 Bxd5+ 33.
Kb1 Be4 34. Rc1 Rc7 35. Qd4 Qe2 36. a4 Bxc2+ 37. Ka2 Qe6+ 0-1

[Event "BL 9293 Bochum-Koblenz"]
[Site "?"]
[Date "1992.??.??"]
[Round "?.4"]
[White "Backwinkel, P."]
[Black "Reschke, S."]
[Result "1/2-1/2"]
[WhiteElo "2405"]
[BlackElo "2300"]
[PlyCount "129"]
[EventDate "1992.??.??"]

1. d4 Nf6 2. Nf3 g6 3. Bg5 Bg7 4. Nbd2 d6 5. e4 h6 6. Bh4 O-O 7. c3 Nh5 8. Bc4
Nd7 9. O-O Qe8 10. Re1 e5 11. dxe5 dxe5 12. Nf1 Nb6 13. Bb3 a5 14. a3 a4 15.
Ba2 Be6 16. Bxe6 Qxe6 17. Ne3 c6 18. Nd2 f6 19. Qc2 Rfd8 20. Rad1 Bf8 21. Ndf1
Bc5 22. Bg3 Kg7 23. Qe2 Nf4 24. Qf3 Nh5 25. Qe2 Kh7 26. Rxd8 Rxd8 27. Rd1 Re8
28. Rd2 Re7 29. Rd8 Rd7 30. Rxd7+ Nxd7 31. Qd1 Nb6 32. Qd8 Qd7 33. Qb8 Bxe3 34.
fxe3 Nc4 35. Qf8 b5 36. Bh4 Nxb2 37. h3 g5 38. Bf2 Nc4 39. g4 Ng7 40. Qxf6 Qd6
41. Qf7 Nxa3 42. Ng3 Qg6 43. Qe7 Nc4 44. Nf5 a3 45. Bg3 c5 46. Qxc5 Nxf5 47.
exf5 Qf7 48. Qxb5 a2 49. Qa6 Nd2 50. c4 Nxc4 51. Qxa2 Qd5 52. Bf2 e4 53. Qa7+
Kg8 54. Qd4 Qc6 55. Bg3 Kf7 56. Qa7+ Ke8 57. f6 Qe6 58. Qg7 Nxe3 59. Qxh6 Qc4
60. Qh8+ Kd7 61. Kf2 Qc2+ 62. Kxe3 Qd3+ 63. Kf2 Qf3+ 64. Kg1 Qxg3+ 65. Kh1
1/2-1/2

[Event "BL 9293 Bochum-Koblenz"]
[Site "?"]
[Date "1992.??.??"]
[Round "?.5"]
[White "Wolf, V."]
[Black "Jackelen, T."]
[Result "1/2-1/2"]
[WhiteElo "2320"]
[BlackElo "2420"]
[PlyCount "66"]
[EventDate "1992.??.??"]

1. e4 e6 2. d4 d5 3. exd5 exd5 4. Nf3 Bd6 5. Bd3 Ne7 6. O-O Nbc6 7. c4 dxc4 8.
Bxc4 O-O 9. h3 Bf5 10. Nc3 a6 11. a3 Qd7 12. Re1 Ng6 13. d5 Nce5 14. Nxe5 Nxe5
15. Bf1 Rfe8 16. Be3 Qe7 17. Bf4 Qf6 18. Ne4 Bxe4 19. Rxe4 Nd7 20. Rxe8+ Rxe8
21. Bxd6 Qxd6 22. g3 Nb6 23. Bg2 Re5 24. Qb3 g6 25. Rc1 Re7 26. a4 a5 27. Qb5
Qd7 28. Qxa5 Qxa4 29. Qc5 Qd7 30. Ra1 Nc8 31. Ra8 Re8 32. Bf1 Nd6 33. Rxe8+
Nxe8 1/2-1/2

[Event "BL 9293 Bochum-Koblenz"]
[Site "?"]
[Date "1992.??.??"]
[Round "?.6"]
[White "Von Gleich, A."]
[Black "Herbrechtsmeier, C."]
[Result "1-0"]
[WhiteElo "2350"]
[BlackElo "2315"]
[PlyCount "123"]
[EventDate "1992.??.??"]

1. Nf3 Nf6 2. c4 g6 3. Nc3 d5 4. cxd5 Nxd5 5. Qa4+ Bd7 6. Qh4 Bc6 7. Qd4 f6 8.
e4 Nxc3 9. bxc3 Qxd4 10. Nxd4 Bd7 11. Bc4 e5 12. Nc2 Nc6 13. h4 Bd6 14. h5 Ke7
15. Ne3 Na5 16. Bd3 Raf8 17. Ke2 Rhg8 18. Nc4 Nxc4 19. Bxc4 Be6 20. Bxe6 Kxe6
21. Rb1 b6 22. d3 f5 23. hxg6 hxg6 24. Rh6 fxe4 25. dxe4 Bc5 26. f3 Rd8 27. Bg5
Rd7 28. Rd1 Bf8 29. Rhh1 Rxd1 30. Kxd1 Be7 31. Be3 b5 32. Kc2 a6 33. Rh6 Kf7
34. Rh7+ Rg7 35. Rh8 Rg8 36. Rh7+ Rg7 37. Rh1 Rg8 38. g3 Bf6 39. f4 Rh8 40.
Rxh8 Bxh8 41. f5 Bf6 42. g4 Be7 43. Kb3 Kf6 44. c4 c6 45. g5+ Kf7 46. f6 Bd6
47. Bb6 bxc4+ 48. Kxc4 Ba3 49. Be3 a5 50. Kb3 Bb4 51. a3 Be1 52. Kc4 Ke6 53.
Kc5 Bg3 54. Kxc6 Bf4 55. Bb6 a4 56. Kb5 Bxg5 57. Kxa4 Bxf6 58. Kb5 Kd7 59. a4
Kc8 60. Kc6 Kb8 61. Bc7+ Ka8 62. Kd5 1-0

[Event "BL 9293 Bochum-Koblenz"]
[Site "?"]
[Date "1992.??.??"]
[Round "?.7"]
[White "Weidemann, J."]
[Black "Luecke, N."]
[Result "1-0"]
[WhiteElo "2305"]
[BlackElo "2410"]
[PlyCount "61"]
[EventDate "1992.??.??"]

1. e4 c5 2. c3 g6 3. Nf3 Bg7 4. d4 cxd4 5. cxd4 d5 6. exd5 Nf6 7. Bb5+ Nbd7 8.
Nc3 O-O 9. O-O Nb6 10. Bf4 Nbxd5 11. Be5 Be6 12. Ng5 Bd7 13. Bd3 Bc6 14. Re1
Rc8 15. Rc1 Qb6 16. Qe2 Bh6 17. h4 Nd7 18. Qg4 Nxe5 19. dxe5 Nxc3 20. bxc3 Rcd8
21. Re3 Bd5 22. Rb1 Qc7 23. c4 Bxg5 24. Qxg5 Be6 25. Be4 b6 26. h5 Kg7 27. hxg6
fxg6 28. Rg3 Bf7 29. e6 Bg8 30. Bxg6 Qc5 31. Bf5+ 1-0